Sledovanie pohybujúcich sa objektov

Saved in:
Bibliographic Details
Main Author: Maláč, Miroslav, 1990- (Author)
Other Authors: Novák, Vladislav, 1979- (Thesis advisor)
Format: Manuscript Book
Language:Slovak
Published: Bratislava : STU v Bratislave FEI, 2013
Subjects:
Online Access:VAIS
Tags: Add Tag
No Tags, Be the first to tag this record!

MARC

LEADER 00000ntm a22000003a 4500
001 stu271030
005 20150617230229.7
008 130716s2013----xo------------------slo-d
040 |a STU  |b slo 
041 0 |a slo 
044 |a xo 
100 1 |a Maláč, Miroslav,  |d 1990-  |4 aut  |u E  |T FEI Fakulta elektrotechniky a informatiky  |X 5990  |U E  |Y 30  |7 A000005990 
242 0 0 |a Tracking the moving objects  |y eng 
245 1 |a Sledovanie pohybujúcich sa objektov 
260 |a Bratislava :  |b STU v Bratislave FEI,  |c 2013 
300 |a 51 s  |c DVD 
650 7 |a Aplikovaná informatika  |2 stusub 
650 7 |a Applied Informatics  |2 estusub 
650 7 |a spätná projekcia  |2 stusub 
650 7 |a histogram  |2 stusub 
700 1 |a Novák, Vladislav,  |d 1979-  |4 ths  |u E200  |U FEI Fakulta elektrotechniky a informatiky  |T FEI Katedra aplikovanej informatiky a výpočtovej techniky  |X 10137  |U E200  |Y 67  |7 A000010137 
856 4 |a info a plný text  |u http://is.stuba.sk/zp/portal_zp.pl?podrobnosti=78023  |3 VAIS 
996 |b 284ER01125  |c E*Bc-1125  |l EE35  |s P  |a 0  |w stu271030_0001